Dignidad humana y ciudadana̕ cosmopolita

Bibliographic Details
Main Author: Fernǹdez Garca̕, Eusebio, 1952-
Corporate Author: Instituto de derechos humanos "Bartolom ̌de las Casas"
Format: Book
Language:Spanish
Published: Madrid : Instituto de Derechos Humanos "Bartolom ̌de las Casas" Universidad Carlos III de Madrid : Dykinson, 2001
Series:Cuadernos Bartolom ̌de las Casas ; 21
Subjects:
Online Access:Acceso restringido

MARC

LEADER 00000nam a2200000 a 4500
005 20120105145450.0
007 cr|||| ||||
008 011204s2001 sp |||||| 000 ||spa||
020 |a 8481557870 
035 |a 5928 
040 |d vLex 
090 |c 2894  |d 2894 
100 1 |a Fernǹdez Garca̕, Eusebio,  |d 1952- 
245 1 0 |a Dignidad humana y ciudadana̕ cosmopolita  |h [Recurso electrn̤ico] /  |c Eusebio Fernǹdez Garca̕ 
256 |a Servicio en ln̕ea 
260 |a Madrid :  |b Instituto de Derechos Humanos "Bartolom ̌de las Casas" Universidad Carlos III de Madrid :  |b Dykinson,  |c 2001 
300 |a 1 recurso electrn̤ico 
506 1 |a Contenido solo disponible en los productos indicados  |d vLex Global   |d vLex Global (Academic Edition, excluding Law Schools)   |d vLex Global (U.S. Academic Edition, Law Schools)   |d vLex Global (U.S. Academic Edition, excluding Law Schools)   |d vLex Global (Academic Edition, Law Schools)  
650 0 4 |a Derechos humanos 
650 0 4 |a Personas (Derecho) 
710 2 |a Instituto de derechos humanos "Bartolom ̌de las Casas" 
740 0 |a vLex Libros (Servicio en ln̕ea) 
830 0 |a Cuadernos Bartolom ̌de las Casas ;  |v 21 
856 4 0 |u http://vlex.com/source/dignidad-humana-ciudadania-cosmopolita-5928  |z Acceso restringido 
942 |c BOOK 
999 0 |a Persons (Law) 
999 0 |a Human rights